Efektívnosť hnojenia horčíkom a koncepcia jeho potreby pre ČSSR

Bibliographic Details
Main Author: Fecenko, Ján, 1935-2008 (Author)
Format: Article
Language:Slovak
PhysicalDescription:Tb. 3., lit. 2 zázn.
Subjects:

MARC

LEADER 00000nab a2200000 a 4500
001 vtls000234216
003 SK-MaSNL
005 20260305000809.0
008 111202c1985 xo 0 slo
015 |a SNBRA19rr/mm-uuuuu 
035 |a CL0244330 
040 |a SNKBUCL  |b slo  |c SNKBUCL  |e AACR2 
041 0 |a slo 
044 |a xo  |c SK 
080 |a 631.824:631.816  |2 1981 
080 |a 631.816  |2 1981 
100 1 |a Fecenko, Ján,  |d 1935-2008  |4 aut  |9 13413 
245 1 0 |a Efektívnosť hnojenia horčíkom a koncepcia jeho potreby pre ČSSR  |c Ján Fecenko 
300 |b Tb. 3., lit. 2 zázn. 
650 0 7 |a výživa rastlín  |2 snkbucl  |9 19926 
650 0 7 |a horčík  |2 snkbucl  |9 16710 
655 7 |a články zo zborníkov  |2 snkbucl  |9 166140 
773 0 |t Dvadsiate deviate Dni novej techniky v chemizácii rastlinnej výroby  |d Bratislava : Dom techniky ČSVTS, 1985  |g S. 88-92 
850 |a Slovenská národná knižnica v Martine  |a MTA001 
852 |a SNK  |b KIS3GCP 
958 |a RK 
992 |a RZB 
999 |c 3215664  |d 3217594